000 00746cab a2200241 4500
001 ABS48757
008 090401t1993 xxu||||| |||| 00| 0 eng d
035 _a(Sirsi) u68430
041 _aeng
245 _aProcurement database
260 _c1993
350 _a0
490 _aNew Builder
_v(176) 28 May 1993, 24-25(2)
520 _aOutlines the aims of research at University of Glamorgan on procurement in twelve countries representing economically developed and underdeveloped countries. A database is to be created.
650 _aBUILDING PROCESS
650 _aCOMPARISON
650 _aCONSTRUCTION PROCUREMENT
650 _aOVERSEAS
650 _aRESEARCH
690 _aBUILT ENVIRONMENT
942 _n0
948 _c04/03/1997
999 _c42935
_d42935